Guess the One Direction song with no hints 1 - Statistics

General Stats
  • This quiz has been taken 224 times
  • The average score is 123 of 199
Answer Stats
% Correct
I
99%
a
97%
you
96%
an
90%
the
90%
to
87%
we
87%
be
86%
me
86%
love
84%
do
83%
it
81%
go
80%
in
77%
on
77%
is
75%
my
75%
My
75%
that
74%
can
73%
know
72%
don't
70%
you're
69%
of
68%
this
68%
oh
66%
baby
65%
mine
64%
if
63%
It's
63%
it's
63%
one
63%
time
63%
why
63%
let
62%
there
60%
but
59%
good
59%
yeah
59%
give
58%
last
55%
could
54%
life
54%
wanna
54%
won't
54%
out
53%
come
51%
should
51%
stay
51%
tonight
51%
way
51%
goodbye
49%
end
48%
friends
48%
our
48%
still
48%
little
47%
look
47%
walk
47%
everything
46%
Hey
46%
hey
46%
nothing
46%
after
44%
change
44%
tomorrow
44%
even
43%
only
43%
over
43%
something
42%
that's
42%
there's
42%
though
41%
comes
39%
hurt
39%
impossible
39%
wearing
39%
understand
38%
didn't
37%
maybe
37%
show
37%
twist
37%
world
37%
heart's
36%
mercy
36%
already
35%
knife
35%
together
35%
apologise
34%
well
34%
hands
33%
breaking
32%
inevitable
32%
sayin'
32%
whole
32%
held
29%
Unexplainable
27%
Unforgettable
26%
negociated
5%
No matching quizzes found
Score Distribution
Percent of People with Each Score
Percentile by Number Answered
Your Score History
You have not taken this quiz